Η εν τη βουλή συζήτησις επί του θέματος της αποκαταστάσεως ακτημόνων γεωργών κ.λ.π.
Αποθηκεύτηκε σε:
| Μορφή: | Βιβλίο |
|---|---|
| Γλώσσα: | Greek |
| Δημοσίευση: |
[Αθήναι] :
[χ.ε.],
[1951]
|
| Θέματα: | |
| Ετικέτες: |
Προσθήκη ετικέτας
Δεν υπάρχουν, Καταχωρήστε ετικέτα πρώτοι!
|
MARC
| LEADER | 00000cam a2200000 i 4500 | ||
|---|---|---|---|
| 001 | 1/5429 | ||
| 008 | 000603s1951 gre d | ||
| 035 | |l 10061580 | ||
| 040 | |a GR-MY-UA |b gre |e aacr | ||
| 041 | 0 | |a gre | |
| 082 | 0 | |a 328.495 | |
| 245 | 1 | 2 | |a Η εν τη βουλή συζήτησις επί του θέματος της αποκαταστάσεως ακτημόνων γεωργών κ.λ.π. |
| 260 | |a [Αθήναι] : |b [χ.ε.], |c [1951] | ||
| 300 | |a 164 σ. | ||
| 500 | |a Ανω του τίτλου Βουλή των Ελλήνων περίοδος Α - σύνοδος Β | ||
| 500 | |a (εκ των επισήμων πρακτικών της βουλής, συνεδριάσεων ΜΔ', ΜΗ', ΝΒ', ΝΣΤ', ΝΖ', ΝΘ', ΞΔ') | ||
| 650 | 0 | 0 | |a Legislative reporting. |
| 650 | 0 | 0 | |a Agriculture |z Greece |x History |y 20th century. |
| 650 | 0 | 0 | |a Agriculture and state. |
| 852 | |a INST |b LESVOS |e 20000603 |h 328.495 ΒΟΥ |p 005100021184 |q 005100021184 |t BK |y 0 | ||
| 901 | |a BIBL1-2000-2 | ||
| 909 | |a Λ |b 072438 | ||
| 970 | |z 2000/06/ΜΙΧΑΗΛΙΔΟΥ ΑΝΝΑ | ||